[Event "Manhattan March Int"]
[Site "New York"]
[Date "1999.03.10"]
[Round "5"]
[White "Negulescu, Adrian"]
[Black "Shahade, Gregory P"]
[Result "1-0"]
[WhiteElo "2452"]
[BlackElo "2386"]
[Annotator "Avrukh,B"]
[PlyCount "97"]
[EventDate "1999.03.05"]
[EventType "tourn"]
[EventRounds "9"]
[EventCountry "USA"]
[EventCategory "10"]
[SourceTitle "CBM 070"]
[Source "ChessBase"]
[SourceDate "1999.06.08"]
[SourceVersion "1"]
[SourceVersionDate "1999.06.08"]
[SourceQuality "1"]

1. d4 {Finkel,A} Nf6 2. Nf3 g6 3. g3 Bg7 4. Bg2 O-O 5. O-O d5 6. Ne5 $6 {
Giving up the idea to fight for opening advantage.} c6 (6... Nbd7 7. c4 Nxe5 8.
dxe5 Ng4 9. cxd5 Nxe5 10. Nc3 c6 11. Qa4 cxd5 12. Nxd5 e6 $11 {Nielsen,
J-Jorgensen,J/DEN-chT 1990}) 7. c3 (7. Nd2 Nbd7 8. f4 $5 Qb6 (8... Nxe5 9. fxe5
Ng4 10. Nf3 f6 11. exf6 exf6 12. h3 Nh6 $132 {Kristensen,B-Sax,G/Valby 1994 
(31)}) 9. e3 Nxe5 10. fxe5 Ng4 11. Nf3 f6 12. h3 Nh6 13. Kh2 Bf5 14. c3 Be4 $15
{Trichkov,V-Pribyl,J/Lazne Bohdanec 1994}) (7. Nc3 Nbd7 8. Nxd7 Nxd7 9. e4 dxe4
10. Nxe4 Nf6 11. Ng5 h6 12. Nf3 Bg4 13. h3 Be6 $11 {Dominguez,J-Martin,F/Mesa
op2 1992 (28)}) 7... Ne8 $6 {Definitly not the best reaction.The simplest way
to equality was} (7... Nfd7 $5 8. Nd3 (8. f4 Nxe5 9. fxe5 f6 10. exf6 exf6 11.
e4 dxe4 12. Bxe4 Re8 13. Bg2 Be6 14. Na3 Na6 $13 {Weber,U-Christ,R/Wiesbaden
op 1994}) 8... e5 9. dxe5 Nxe5 10. Nxe5 Bxe5 11. Nd2 Bg7 12. Nb3 Nd7 $11 {
1/2-1/2 Bornemann,W-Sieg,U/BL2-N9697 1997}) 8. Nd2 Nd7 9. Nxd7 Bxd7 10. e4 dxe4
11. Nxe4 Nd6 12. Nc5 $14 {Now white manages to get certain advantage.} b6 $6 {
This move weakens diagonal a8-h1 so better was} (12... Bf5 $5 13. Qe2 Qc7 14.
Bf4 Rad8 15. Rfe1 Rfe8 16. h3 $14 {with passive,but rock-solid position for
black.}) 13. Nxd7 (13. Nd3 $5) 13... Qxd7 14. Re1 Rac8 15. Bf4 e6 16. h4 Rfe8
17. Be5 Red8 18. Bf4 Re8 19. Qe2 c5 $6 ({More in the spirit of the position was
} 19... b5 20. a4 a6 21. axb5 axb5 22. Ra6 Nf5 23. Rea1 $14 {,but also in this
case white is in control on the situation on the board.}) 20. dxc5 Rxc5 21.
Rad1 {[%cal Gd1d7]} e5 22. Be3 Rc7 23. Qd3 Bf8 24. Bg5 $1 {[%csl Re5][%cal
Gg5f6] Increasing the pressure.} Qf5 {Hoping to escape in the endgame.} (24...
Qg4) 25. Qxf5 Nxf5 26. Bf6 Rc5 ({Much worse is} 26... Re6 $6 27. Bd8 $6 (27.
Bxe5 $1 Rce7 28. f4 f6 (28... Nxg3 29. Bd5 $18) 29. Bd5 {[%cal Gd5g8]} fxe5 30.
Rxe5 Ng7 (30... Kf7 $6 31. g4 Nxh4 32. Kf2 $1 (32. Rde1 $6 Nf3+ 33. Bxf3 Rxe5
34. fxe5 Bg7 35. Bd5+ Ke8 $16) 32... Kf6 33. g5+ $18) 31. g4 Kh8 32. Bxe6 Rxe6
33. Kg2 h5 34. Rxe6 Nxe6 35. f5 $16 {with big advantage.}) 27... Rc5 28. g4 Ng7
29. Rd7 Rd6 30. Rxd6 Bxd6 31. Rd1 Ne8 32. Bg5 $14) 27. Rd7 Re6 $8 (27... a5 28.
Bd5 Nd6 29. c4 $1 b5 30. b3 bxc4 31. bxc4 $18 {[%csl Re5,Rf7]}) 28. Bg5 f6 29.
Bc1 Re7 30. Red1 Rc7 31. Rd8 Kg7 32. Be4 Rf7 $6 ({Better try was} 32... Re6 $5
$14 {[%cal Ge6d6] intending to exchange a pair of rooks.}) 33. h5 Be7 $6 {
Missing small combination.} 34. Bxf5 $1 {[%mdl 64]} Bxd8 (34... gxf5 35. h6+
Kg6 36. Rg8+ Kh5 37. Kg2 $18 {[%csl Rh5][%cal Gd1h1]}) 35. h6+ $1 Kf8 36. Rxd8+
Ke7 37. Rc8 $18 {Now everything is over:two bishops easily overcome the
resistance of single rook!} Rxc8 38. Bxc8 Rf8 39. Bg4 f5 (39... Rd8 40. Kf1 $18
{[%cal Gf1e2,Gc1e3,Gb2b4,Gc3c5]}) 40. Bg5+ Ke6 41. Bf3 f4 42. Be4 fxg3 43. fxg3
(43. f3 $5) 43... Rf7 44. g4 Rd7 45. Bc2 Kd5 46. Kf2 Rf7+ 47. Ke2 Rf8 48. Bb3+
Ke4 49. c4 1-0

[Event "RUS-Cup03 Geller Memorial"]
[Site "Moscow"]
[Date "1999.02.12"]
[Round "3"]
[White "Fokin, Sergey"]
[Black "Reprintsev, Alexander"]
[Result "1/2-1/2"]
[WhiteElo "2390"]
[BlackElo "2470"]
[Annotator "Avrukh,B"]
[PlyCount "78"]
[EventDate "1999.02.10"]
[EventType "swiss"]
[EventRounds "9"]
[EventCountry "RUS"]
[SourceTitle "CBM 070"]
[Source "ChessBase"]
[SourceDate "1999.06.08"]
[SourceVersion "1"]
[SourceVersionDate "1999.06.08"]
[SourceQuality "1"]

1. Nf3 {Finkel,A} Nc6 2. d4 d5 3. Bf4 Bg4 4. e3 e6 5. Be2 Bd6 6. c3 (6. Ne5
Bxe2 7. Qxe2 Nge7 8. Nd2 Bxe5 9. dxe5 Ng6 10. Nf3 Nh4 11. O-O-O Nxf3 12. Qxf3
Qe7 $11 {1/2-1/2 Wrobel,F-Raedeker,B/OLWuert 1995}) (6. Bg3 Nge7 (6... Qe7 $5
7. Nbd2 Nf6 8. a3 Ne4 9. Bxd6 Nxd6 10. Rc1 O-O 11. O-O Na5 12. c3 b5 $13 {
Hansen,L-Hector,J/Espergaerde 1987 (36)}) (6... Nf6 7. c4 (7. O-O Ne4 8. c4
Nxg3 9. hxg3 dxc4 10. Nbd2 O-O 11. Nxc4 Be7 12. a3 Bf6 13. b4 Qd5 14. Rb1 $14 {
Bottema,T-Vincent,S/Groningen op 1988}) 7... O-O 8. Nc3 dxc4 9. Bxc4 e5 10.
dxe5 Bxf3 11. Qxf3 Nxe5 12. Qe2 Qe7 13. O-O $11 {1/2-1/2 Behrens,H-Baumhus,R/
FRG-ch qual 1988}) 7. Nbd2 Nf5 (7... O-O 8. c3 Nf5 9. Bxd6 Nxd6 10. Qc2 Re8 11.
Bd3 Bf5 12. O-O Bxd3 13. Qxd3 f5 $11 {Vrbanov,A-Orev,P/Bankia op 1990 (44)}) 8.
Bxd6 cxd6 9. c3 Nh4 10. O-O O-O 11. Nxh4 Bxe2 12. Qxe2 Qxh4 13. f4 f5 $11 {
1/2-1/2 Dankert,P-Andersen,J/Hamburg-ch 1985}) (6. Bxd6 Qxd6 7. O-O Nf6 8. c4
O-O 9. Nc3 Rad8 10. Rc1 dxc4 11. Qa4 $14 {Weemaes,R-Meulders,R/OHRA-B 1986})
6... Nge7 (6... Nf6 7. O-O (7. Nbd2 O-O 8. h3 Bxf3 9. Nxf3 Qe7 10. O-O e5 11.
Bg5 e4 12. Nd2 h6 13. Bxf6 $14 {Ravikumar,V-Sowray,P/Lloyds Bank op 1987 (42)})
7... O-O 8. Nbd2 Re8 9. Bxd6 cxd6 10. c4 dxc4 11. Nxc4 Re7 12. h3 Bxf3 13. Bxf3
d5 14. Nd2 Qb6 $11 {Ligaard,M-Rewitz,P/DEN-ch qual 1996 (58)}) 7. Nbd2 f6 $2 {
[%mdl 16384] From the consequances of this move black will suffer till the end
of the game!After natural} (7... Ng6 8. Bxd6 Qxd6 (8... cxd6 $5) 9. h3 Bxf3 10.
Nxf3 e5 11. dxe5 Ngxe5 12. Nxe5 Nxe5 13. Qb3 O-O-O {black doesn't seem to have
any problems.} 14. Rd1 $13) 8. Bg3 Nf5 9. e4 $5 ({Also after} 9. c4 $5 Nxg3 10.
hxg3 dxc4 11. Bxc4 Qd7 12. Bb5 a6 13. Ba4 $14 {white keeps very unleasent
pressure.}) 9... Nxg3 10. hxg3 Qd7 $6 11. Qc2 $6 {Trusting the opponent.There
was no reason why white couldn't take a pawn:} (11. exd5 exd5 12. Qb3 {[%cal
Gb3d5,Gb3b7]} O-O-O (12... Be6 $6 13. Qxb7 Rb8 14. Qa6 Rxb2 15. Bb5 $16) 13.
Qxd5 Rde8 (13... Qe7 14. Qe4) 14. Kf1 a6 (14... Ne7 15. Qf7 $1) 15. Qb3 f5 16.
Nc4 $16) 11... O-O-O 12. O-O-O h5 $6 {[%csl Rf5,Rg6]} 13. Rde1 Qf7 14. exd5
exd5 15. Bd3 $14 {[%cal Gd3g6,Gf3h4,Gh4f5] White takes control over the light
squares on the kingside.} Ne7 16. Nh4 Kb8 17. Ng6 Rhe8 18. Nxe7 Rxe7 19. Bg6
Rxe1+ 20. Rxe1 Qd7 21. Nf1 $5 {[%csl Rg4,Rh5][%cal Gf2f3] Threatening to win
the pawn on h5.Less efficient is} (21. Nf3 c6 (21... c5) 22. Nh4 Bc7 23. Nf5 (
23. Bf5 Bxf5 24. Nxf5 Re8 25. Rxe8+ Qxe8 $11) 23... Bb6 24. Ne3 Rh8 25. Nxg4
Qxg4 26. Qf5 $14 {and black has very good chanses to hold the position.}) 21...
c5 $5 22. Kb1 $1 (22. f3 $6 Be6 23. Qf2 Rc8 $1 24. Bxh5 cxd4 25. Qxd4 Be5 $36 {
[%cal Gd5d4]}) 22... cxd4 23. cxd4 Rc8 24. Qd3 Bb4 $5 25. Rc1 (25. Re3 Qc6 26.
a3 Qc1+ 27. Ka2 Bd6 $36) 25... Rxc1+ 26. Kxc1 f5 $5 {The exchange of heavy
pieces didn't make black's defense any easier.} (26... Qc7+ 27. Kb1 Qe7 28. Ne3
$16) 27. Ne3 $1 Qc6+ 28. Nc2 Qxg6 29. Nxb4 a5 30. Nc2 $1 $16 {[%csl Rg4][%mdl
4096] This quiet move is stronger than tempting} (30. Nxd5 $5 Qc6+ 31. Nc3 Qxg2
32. Qe3 {[%csl Rb8]} g5 33. Kc2 $5 (33. Qxg5 Qf1+ 34. Kc2 Qxf2+ 35. Kb3 a4+ 36.
Ka3 Qxg3 37. Qd8+ Ka7 38. Kxa4 $40) 33... Qf3 34. Qe5+ Kc8 35. Kb3 $40 {
and despite of active position of the white pieces black has chanses of his
own.}) 30... h4 31. gxh4 Qh6+ 32. Qd2 $16 (32. Qe3 $5 Qxh4 33. Qe5+ Ka7 34. f3
Qh1+ 35. Ne1 Bh5 36. Kd2 Qf1 37. Qxd5 Qf2+ 38. Kd1 Qxb2 39. Qxa5+ Kb8 40. Nc2
$16) 32... Qxh4 33. f3 Qh1+ 34. Ne1 Bh5 35. Qxa5 Qf1 36. Qd8+ $2 {[%mdl 16384]
Giving the perpetual in nearly winning position is really strange!Almost any
move would leave great chanses to win the game.} (36. b3 $5) 36... Ka7 37. Qa5+
Kb8 38. Qd8+ Ka7 39. Qa5+ Kb8 1/2-1/2

[Event "DEN-ch"]
[Site "Aarhus"]
[Date "1999.04.04"]
[Round "9"]
[White "Hansen, Lars Bo"]
[Black "Fries Nielsen, Jens Ove"]
[Result "1-0"]
[WhiteElo "2565"]
[BlackElo "2447"]
[Annotator "Avrukh,B"]
[PlyCount "81"]
[EventDate "1999.03.??"]
[EventType "tourn"]
[EventRounds "9"]
[EventCountry "DEN"]
[EventCategory "10"]
[SourceTitle "CBM 071"]
[Source "ChessBase"]
[SourceDate "1999.08.01"]
[SourceVersion "1"]
[SourceVersionDate "1999.08.01"]
[SourceQuality "1"]

1. Nf3 {Finkel,A} d5 2. d4 Nc6 3. Bf4 Bg4 4. e3 e6 5. Nbd2 (5. Be2 Bd6 6. Ne5 (
6. Bg3 Nge7 (6... Nf6 7. c4 (7. O-O Ne4 8. c4 Nxg3 9. hxg3 dxc4 10. Nbd2 O-O
11. Nxc4 Be7 12. a3 Bf6 13. b4 Qd5 14. Rb1 $14 {Bottema,T-Vincent,S/Groningen
op 1988}) 7... O-O 8. Nc3 dxc4 9. Bxc4 e5 10. dxe5 Bxf3 11. Qxf3 Nxe5 12. Qe2
Qe7 13. O-O $11 {1/2-1/2 Behrens,H-Baumhus,R/FRG-ch qual 1988}) 7. Nbd2 Nf5 (
7... O-O 8. c3 Nf5 9. Bxd6 Nxd6 10. Qc2 Re8 11. Bd3 Bf5 12. O-O Bxd3 13. Qxd3
f5 $11 {Vrbanov,A-Orev,P/Bankia op 1990 (44)}) 8. Bxd6 cxd6 9. c3 Nh4 10. O-O
O-O 11. Nxh4 Bxe2 12. Qxe2 Qxh4 13. f4 f5 $11 {1/2-1/2 Dankert,P-Andersen,J/
Hamburg-ch 1985}) (6. Bxd6 Qxd6 7. O-O Nf6 8. c4 O-O 9. Nc3 Rad8 10. Rc1 dxc4
11. Qa4 $14 {Weemaes,R-Meulders,R/OHRA-B 1986}) (6. c3 Nf6 7. O-O (7. Nbd2 O-O
8. h3 Bxf3 9. Nxf3 Qe7 10. O-O e5 11. Bg5 e4 12. Nd2 h6 13. Bxf6 $14 {
Ravikumar,V-Sowray,P/Lloyds Bank op 1987 (42)}) 7... O-O 8. Nbd2 Re8 9. Bxd6
cxd6 10. c4 dxc4 11. Nxc4 Re7 12. h3 Bxf3 13. Bxf3 d5 14. Nd2 Qb6 $11 {Ligaard,
M-Rewitz,P/DEN-ch qual 1996 (58)}) 6... Bxe2 7. Qxe2 Nge7 8. Nd2 Bxe5 9. dxe5
Ng6 10. Nf3 Nh4 11. O-O-O Nxf3 12. Qxf3 Qe7 $11 {1/2-1/2 Wrobel,F-Raedeker,B/
OLWuert 1995}) 5... Bd6 6. c3 Nge7 (6... Bxf4 7. exf4 Qd6 8. Qb3 (8. Qa4 $5
Bxf3 9. Nxf3 Qxf4 $2 10. Ba6 $1 $18 {Holst,A-Sobjerg,E/Aarhus-A 1992}) 8...
Bxf3 9. Nxf3 Nge7 10. g3 O-O 11. Bd3 f6 12. O-O $14 {Kinsman,A-Martin,J/
Chartres op 1990}) 7. Be2 O-O (7... f6 $2 8. Bg3 Nf5 9. e4 $5 (9. c4 $5 Nxg3
10. hxg3 dxc4 11. Bxc4 Qd7 12. Bb5 a6 13. Ba4 $14) 9... Nxg3 10. hxg3 Qd7 $6
11. Qc2 $6 O-O-O 12. O-O-O h5 $6 {[%csl Rf5,Rg6]} 13. Rde1 Qf7 14. exd5 exd5
15. Bd3 $14 {[%cal Gd3g6,Gf3h4,Gh4f5] Fokin,S-Reprintsev,A/RUS-Cup03 (Geller
mem) 1999}) (7... Ng6 8. Bxd6 Qxd6 (8... cxd6 $5) 9. h3 Bxf3 10. Nxf3 e5 11.
dxe5 Ngxe5 12. Nxe5 Nxe5 13. Qb3 O-O-O 14. Rd1 $13) 8. h4 $5 f6 {[%cal Ge6e5]}
9. Bxd6 cxd6 (9... Qxd6) 10. h5 h6 $6 {[%csl Rg6][%mdl 16384]} (10... e5 $2 11.
Nxe5 $1 Nxe5 12. Bxg4 Nd3+ 13. Ke2 Nxb2 14. Be6+ Kh8 15. Qb3 $18) (10... Qb6 $5
) 11. Nh4 $1 $14 Bxe2 12. Qxe2 e5 13. O-O f5 (13... Qd7 14. Rad1 e4 15. f3 f5
16. f4 $5 $14 {[%cal Gg1h2,Gf1g1,Gg2g4]}) 14. f4 $1 Qd7 15. Rf2 Rf6 (15... e4
16. Kh2) 16. Rd1 Qe6 17. dxe5 dxe5 18. Nb3 b6 (18... e4 19. Kh2 Rff8 20. Rg1
Qf6 21. Kh3 $1 g5 22. hxg6 Nxg6 23. Nxg6 Qxg6 24. g4 $36 {[%cal Gg1g8]}) 19.
Nf3 Re8 $6 20. Qb5 Rff8 $2 {[%mdl 16384]} (20... exf4 $5 21. exf4 Qf7 22. Re2
$1 (22. Ne5 $6 Qxh5 23. Rxd5 Re6 $1 $15) 22... Qxh5 23. Rde1 Rff8 24. Nbd4 $36)
21. Nxe5 Nxe5 22. Nd4 $1 $16 Nf3+ (22... Qf7 23. fxe5 Qxh5 24. Rdf1 Kh8 25. Qd7
$1 $16) (22... Qf6 $5 23. fxe5 Qxe5 24. Nxf5 $1 Nxf5 25. Rxd5 Qxe3 26. Rdxf5
Rxf5 27. Qxf5 $16) 23. Rxf3 Qc8 24. Rf2 $5 {[%cal Gd4f3,Gf3e5]} Kh7 25. Nf3 Ng8
26. Rxd5 (26. Rfd2 $6 Rxe3 27. Rxd5 Nf6 28. Rxf5 a6 $1 29. Qb4 Qxf5 30. Qxf8
Qxf4 $44) 26... Rxe3 27. Re5 Re4 28. Nd2 (28. Nd4 $5) 28... Rxe5 29. fxe5 Qe6
30. a3 Rd8 31. Qe2 Ne7 32. Nf3 Rd5 33. Rf1 Nc6 34. Re1 b5 35. Qe3 $1 $18 Qe8 (
35... a6 36. Qf4 a5 37. Nd4 Nxd4 38. cxd4 a4 39. Re3 $18) 36. e6 Qe7 37. Qf4
Kg8 38. Nd4 Nxd4 39. cxd4 Rd6 40. Qe5 Rd8 41. b4 1-0

[Event "YUG-ch"]
[Site "Podgorica"]
[Date "1996.??.??"]
[Round "8"]
[White "Kosic, Dragan"]
[Black "Stojanovic, Mihajlo"]
[Result "1-0"]
[WhiteElo "2515"]
[BlackElo "2435"]
[Annotator "Baburin,A"]
[PlyCount "43"]
[EventDate "1996.02.??"]
[EventType "tourn"]
[EventRounds "15"]
[EventCountry "YUG"]
[EventCategory "9"]
[SourceTitle "CBM 053"]
[Source "ChessBase"]
[SourceDate "1996.08.01"]
[SourceVersion "1"]
[SourceVersionDate "1996.08.01"]
[SourceQuality "1"]

1. d4 d5 2. Nf3 c6 3. Bf4 Nf6 4. e3 Bf5 5. c4 e6 6. Nc3 Nbd7 7. h3 Ne4 8. Qb3
Qb6 $6 {This move leads directly to a favourable pawn structure for White.} (
8... Qc8 9. Rc1 Nxc3) 9. c5 $1 Qxb3 10. axb3 Nxc3 11. bxc3 a6 12. b4 Rc8 13.
Nd2 $1 {This is exactly the same plan as in our previous example. The position
cries out for this manoeuvre!} Nf6 14. Nb3 Rd8 15. Na5 Rd7 16. Nxc6 {[#] A
nice solution! The Black pawn chain on the queen side simply disappears...}
bxc6 17. Rxa6 Be7 18. Rxc6 O-O 19. Ra6 Ne4 20. b5 Rc8 21. c6 {It is worth
mentioning that the march of the whirte pawns is so successful due mainly to
the bad placement of the black pieces. In fact, Black's minor pieces cannot
stop the pawns, while the d7-rook just allows White to gain tempi by chasing
it.} Rdd8 22. c7 $18 1-0

[Event "Alushta2"]
[Site "Alushta"]
[Date "1994.??.??"]
[Round "7"]
[White "Onischuk, Alexander"]
[Black "Malaniuk, Vladimir P"]
[Result "1/2-1/2"]
[WhiteElo "2535"]
[BlackElo "2595"]
[Annotator "Belov,I"]
[PlyCount "46"]
[EventDate "1994.02.??"]
[EventType "tourn"]
[EventRounds "9"]
[EventCountry "UKR"]
[EventCategory "12"]
[SourceTitle "CBM 041"]
[Source "ChessBase"]
[SourceDate "1994.08.01"]
[SourceVersion "1"]
[SourceVersionDate "1994.08.01"]
[SourceQuality "1"]

1. d4 f5 2. Nf3 g6 3. g3 Bg7 4. Bg2 Nf6 5. O-O O-O 6. b3 Ne4 $5 (6... d6) 7. c4
$5 (7. Bb2 d5 8. c4 c6 9. Nbd2 Be6 10. Qc2 (10. e3 Nd7 11. Rc1 Kh8 12. Qc2 a5
$1 13. a4 Qe8 14. Rfd1 Rc8 15. Ne1 Qf7 16. Nd3 Nxd2 17. Rxd2 g5 $1 $10 {
Kharitonov,A-Bareev,E/Sochi/1987/1:0 (50) Inf 44/114/}) 10... Nd7 11. Rfd1 Rc8
12. e3 Ndf6 13. Ne5 g5 14. Rac1 Nd6 15. Nd3 h6 16. Ba3 $14 {Ruban,V-Malaniuk,V/
SSSR(ch)/1991/1:0 (67) Inf 52/98/}) 7... Nc6 8. Bb2 e6 $5 $146 (8... d6 9. Nc3
(9. Nbd2 e5 (9... Nxd2 10. Qxd2 e5 11. dxe5 dxe5 12. Qd5+ Kh8 13. Ba3 Re8 14.
Qxd8 Nxd8 15. e4 f4 $10 {Illeskas Cordoba,M-De La Villa Garcia,J/Oberena/1991/}
) 10. d5 Nxd2 11. Qxd2 (11. dxc6 $5) 11... Nb8 12. Ng5 Qe7 13. Rad1 Na6 14. Ne6
Bxe6 15. dxe6 Rab8 16. b4 $13 {Moutousis,K-Santo Roman,M/Athens/1992/ Inf 54/
87/}) 9... e5 10. dxe5 Nxc3 11. Bxc3 dxe5 12. Qd5+ Kh8 13. Qxd8 Rxd8 14. Ng5
Re8 15. Bxc6 bxc6 16. Rad1 f4 17. f3 a5 18. Rd2 Kg8 $10 {Vladimirov,E-Tseitlin,
Mi/Hastings2/1991/}) 9. Nbd2 d5 10. Rc1 g5 $5 11. Nxe4 (11. e3 Bd7 (11... Nb4
$5 12. Ba3 a5 $13) 12. Ne1 Be8 13. Ba3 Rf6 14. Nd3 $14) 11... dxe4 (11... fxe4
12. Ne1 Bd7 13. f3 exf3 14. Bxf3 Be8 15. Ng2 Bg6 $10) 12. Ne5 $8 Nxe5 13. dxe5
Qe7 (13... Qxd1 $6 14. Rfxd1 $16) (13... Bd7 $5 14. Qc2 Qe7 $10) 14. Qc2 Bd7
15. a3 (15. f3 exf3 16. exf3 f4) 15... Be8 (15... a5 $5) 16. Rcd1 Bh5 17. f3 (
17. Rd2 $5 Rad8 18. Rfd1) 17... exf3 18. Bxf3 Bxf3 19. exf3 Rad8 20. Kg2 h5 21.
h3 Rxd1 22. Rxd1 Rd8 23. Rd3 Kf7 1/2-1/2

[Event "EU-ch 17th"]
[Site "Gjakova"]
[Date "2016.05.22"]
[Round "10"]
[White "Nisipeanu, Liviu Dieter"]
[Black "Khismatullin, Denis Rimovich"]
[Result "1-0"]
[WhiteElo "2669"]
[BlackElo "2609"]
[Annotator "Besenthal,K"]
[PlyCount "69"]
[EventDate "2016.05.12"]
[EventType "swiss"]
[EventRounds "11"]
[EventCountry "KOS"]
[SourceTitle "CBM 173"]
[Source "ChessBase"]
[SourceDate "2016.07.12"]
[SourceVersion "1"]
[SourceVersionDate "2016.07.12"]
[SourceQuality "1"]

1. d4 Nf6 2. Nf3 d5 3. Bf4 c5 4. e3 Nc6 5. Nbd2 cxd4 6. exd4 Qb6 7. Nb3 Bg4 8.
h3 Bxf3 9. Qxf3 e6 10. c3 Be7 11. Bd3 O-O 12. O-O Qd8 13. Rfe1 Bd6 14. Bg5 h6
15. Bh4 Be7 16. Bxf6 Bxf6 17. Bc2 Qe7 18. Nc5 {Diagramm [#]} g6 $2 (18... Rac8
19. Bb3 Bxd4 $1 20. cxd4 Nxd4 21. Qxd5 Qxc5) 19. Bb3 $1 {Nisipeanu zeigt nicht
nur ein feines Gespür für die schwarze Ungenauigkeit, sondern rechnet auch
genau.} Rac8 (19... Bxd4 20. cxd4 Nxd4 21. Qxd5 $18) 20. Bxd5 $1 Bxd4 21. Nxe6
$1 Ne5 (21... fxe6 22. Rxe6 Rxf3 23. Rxe7+ Kf8 24. cxd4 Kxe7 25. Bxf3 Nxd4 26.
Bxb7 Rb8 27. Be4 Rxb2 28. Bxg6 $16) 22. Rxe5 Bxe5 23. Nxf8 Rxf8 24. Re1 $1 Qf6
25. Bxb7 Rb8 26. g3 Kg7 27. Re2 h5 28. Qxf6+ Bxf6 29. Bd5 h4 30. g4 Rb5 31. Bc4
Rc5 32. Bb3 Be5 33. Kg2 Kf6 34. Bxf7 Bxc3 (34... Kxf7 35. b4 Rb5 36. a4 Rd5 37.
c4 $18) 35. Bxg6 1-0

[Event "Kottnauer Memorial"]
[Site "Prague"]
[Date "1996.??.??"]
[Round "10"]
[White "Andersson, Ulf"]
[Black "Blatny, Pavel"]
[Result "1/2-1/2"]
[WhiteElo "2630"]
[BlackElo "2515"]
[Annotator "Blatny,P"]
[PlyCount "49"]
[EventDate "1996.06.??"]
[EventType "tourn"]
[EventRounds "10"]
[EventCountry "CSR"]
[EventCategory "12"]
[SourceTitle "CBM 054"]
[Source "ChessBase"]
[SourceDate "1996.10.01"]
[SourceVersion "1"]
[SourceVersionDate "1996.10.01"]
[SourceQuality "1"]

1. Nf3 d5 2. d4 e6 3. g3 Nd7 $5 4. Bg2 (4. c4 dxc4 $1 5. Bg2 (5. Qa4 $6 c5 6.
Bg2 a6 7. Qxc4 b5 8. Qc2 Bb7 9. O-O Rc8 $36 {Horvath,J-Blatny,P/AUT-chT 9091/
1991/}) 5... c5 (5... Nb6 6. O-O Ne7 7. e4 $1 (7. Ne5 Nf5 $1 8. e3 c5 9. dxc5
Qxd1 10. Rxd1 Bxc5 $15 {Mainka,G-Smagin,S/Dortmund op/1995/}) 7... Nc6 8. Nc3
Be7 9. Be3 O-O 10. Qe2 $14 {@ Shipov,S-Smagin,S/Moscow Petrosian/1995/}) (5...
a6 $5) 6. O-O a6 7. a4 Ngf6 8. Nbd2 cxd4 9. Nxc4 Nb6 10. Nxb6 Qxb6 11. a5 Qa7
12. Bf4 Bd7 13. Be5 Bc5 14. Bxd4 Bc6 15. Rc1 Bxd4 16. Qxd4 Qxd4 17. Nxd4 Bxg2
18. Kxg2 O-O 19. Rc7 Rab8 20. Rfc1 Rfd8 21. e3 Kf8 {/\Nd5= _|_ Lobach,P-Blatny,
P/Pardubice op/1995/}) 4... a6 $1 $146 (4... Ngf6 5. c4 (5. O-O Be7 (5... a6
$142 $5) 6. c4 c6 7. Qc2 O-O 8. Rd1 Bd6 $6 9. Nc3 b6 10. e4 dxe4 11. Nxe4 Be7
12. Ne5 $16 {Safira,S-Storme,S/WchJW-U18 Szeged (02) ;TD 94\01 1994}) 5... a6
6. O-O (6. b3 $5) (6. c5 $5) 6... dxc4 7. Nc3 Rb8 8. e4 b5 9. Qe2 Bb7 10. d5 e5
11. a4 Bc8 12. axb5 axb5 13. Be3 $44 {Adrian,C-Guigonis,D/FRA-chT ;TD 89\03
1989}) (4... Bd6 5. O-O f5 (5... c6 6. c4 Ngf6 7. b3 O-O 8. Bb2 a5 9. Nc3 Qe7
10. Qc2 Re8 11. Rad1 $14 {Kalinichev,S-Gaerts,R/BL2-N 9495 (1994) ;BL2 1995})
6. c4 c6 7. Qc2 Ngf6 8. cxd5 cxd5 9. Bf4 Qe7 10. Bxd6 Qxd6 11. Nc3 (11. Rc1)
11... a6 12. e3 b5 13. Rac1 Bb7 14. Ne2 Ke7 15. Qc7 Rab8 16. Nf4 Rhc8 {1/2-1/2
Piepenburg,R-Schlesinger,O/Hessenliga 9495 (1994) ;GER 11 1995} 17. Qxd6+ Kxd6
18. Nd3 {/\Nfe5 +/=/+/- _|_}) 5. O-O (5. c4 dxc4 $1) 5... Ngf6 6. Nbd2 (6. b3
c5) 6... b5 $5 7. e4 (7. c3 c5 8. a4 (8. e4 dxe4 9. Ng5 Bb7 10. Ndxe4 Qc8 $13)
8... b4 9. dxc5 bxc3 $10) 7... dxe4 8. Ng5 Bb7 9. Ndxe4 Qc8 10. Qe2 (10. Qf3 $6
Rb8 11. Qe2 $10) (10. Re1 h6 11. Nxf6+ Nxf6 12. Nf3 c5 (12... Bd6 {/\0-0=}) 13.
c3 Be7 $10) 10... h6 11. Nxf6+ Nxf6 12. Ne4 Nxe4 13. Bxe4 Bd6 (13... c5 $6 14.
d5) 14. a4 O-O 15. axb5 Bxe4 $1 (15... axb5 $6 16. Rxa8 Qxa8 17. f3 $14) 16.
Qxe4 axb5 17. Bf4 (17. Rxa8 $2 Qxa8 18. Qg4 f5 19. Qe2 Qd5 $15 {_|_}) 17...
Bxf4 18. Qxf4 Qb7 $10 19. c3 b4 $1 20. Rxa8 Rxa8 21. cxb4 Qxb4 22. Rc1 $1 (22.
Qxc7 $6 Qxb2 23. Qd7 Qb6 24. Rc1 (24. d5 $6 Rd8 25. Qc6 Qxc6 26. dxc6 Rc8 27.
Rc1 Kf8 {=/+/-/+ _|_}) 24... Rd8 25. Rc8 Qb1+ 26. Kg2 Qe4+ 27. Kg1 Rxc8 28.
Qxc8+ Kh7 $15 {_|_}) 22... Ra7 23. Rxc7 Rxc7 24. Qxc7 Qxb2 25. Qc6 1/2-1/2